000 00619nam a22002177a 4500
999 _c15743
_d15743
003 OSt
005 20210120115510.0
008 151110b xxu||||| |||| 00| 0 eng d
020 _a9.7814058461e+012
040 _cMMU
_aMMU
_beng
_dMMU
050 _aKD 2079 .S55 2009
245 _aSmith and keenan's Company law /
_c Wild Charles.
250 _a14th ed.
260 _aEngland :
_bPearson education ltd.
_c2009.
300 _axlv, 558 p. :
500 _aIncludes index.
650 _a_Company law
700 _a_Stuart Weinstein
942 _2lcc
_cLOAN LOAN
_e14th ed.
980 _a^d20101207 03:05:04^oanne